000 00558nam a2200229Ia 4500
003 OSt
005 20220924142230.0
006 a|||||r|||| 00| 0
007 ta
008 220923b |||||||| |||| 00| 0 ben d
024 _a300954
037 _cTextual
040 _aARTS
_cARTS
_bben
041 _2ben
_aben
082 _aV2629:1:M, 157K8
100 _aHashirashi
_9213052
245 0 _aKushdaher itihas
260 _c1968
650 _aHISTORY
942 _hV2629:1:M, 157K8
_cTEXL
_2CC
999 _c449829
_d449829